000 00307nam a2200133Ia 4500
005 20251222142004.0
008 251222s9999||||xx |||||||||||||| ||spa||
020 _a2-7022-0287-X
082 _a759.44/M22
100 _aCourthion, Pierre
245 0 _aEdouard Manet
264 _bCercle D'Art
942 _cLIB
999 _c10120
_d10120